[Event "Krakow op-C"]
[Site "Krakow"]
[Date "2003.12.29"]
[Round "4"]
[White "Malara, Mariusz"]
[Black "Lankof, Katarzyna"]
[Result "1-0"]
[WhiteElo "1400"]
[BlackElo "1602"]
[PlyCount "109"]
[EventDate "2003.12.27"]
[EventType "swiss"]
[EventRounds "9"]
[EventCountry "POL"]
[SourceTitle "EXT 2006"]
[Source "ChessBase"]
[SourceDate "2005.11.24"]
[SourceVersion "1"]
[SourceVersionDate "2005.11.24"]
[SourceQuality "1"]

1. e4 c5 2. Nf3 e6 3. d4 cxd4 4. Nxd4 Nf6 5. Nc3 d6 6. Be2 Be7 7. Be3 0-0 8. 0-0 Nc6 9. Nb3 a6 10. a4 Qc7 11. f4 Rd8 12. a5 e5 13. Bb6 Qd7 14. Bxd8 Qxd8 15. f5 b6 16. axb6 Qxb6+ 17. Kh1 Bb7 18. Bf3 Rd8 19. Qd2 Nd7 20. Nd5 Qa7 21. Nxe7+ Nxe7 22. Qxd6 Nc8 23. Qb4 Nf6 24. Rfd1 Re8 25. Nc5 Bxe4 26. Bxe4 Nxe4 27. Nxe4 Ne7 28. f6 Nf5 29. fxg7 Kxg7 30. Nc5 Ne3 31. Rd7 Qa8 32. Rb7 Nxc2 33. Qg4+ Kh8 34. Rxa6 Qc8 35. Qg5 Qd8 36. Qxd8 Rxd8 37. Nd7 e4 38. Rc6 Nd4 39. Rc4 Nb5 40. Rb8 Rxb8 41. Nxb8 Nd6 42. Rd4 f5 43. Rxd6 Kg7 44. b4 e3 45. Kg1 f4 46. Kf1 Kf7 47. b5 Ke7 48. Rd4 Ke6 49. b6 Ke5 50. Nc6+ Kf5 51. b7 Kg4 52. b8Q e2+ 53. Kxe2 h6 54. Qxf4+ Kh5 55. Qf5# 1-0

[Event "Krakow op-C"]
[Site "Krakow"]
[Date "2003.12.28"]
[Round "2"]
[White "Malara, Mariusz"]
[Black "Gluszko, Monika"]
[Result "1-0"]
[WhiteElo "1400"]
[BlackElo "1601"]
[PlyCount "159"]
[EventDate "2003.12.27"]
[EventType "swiss"]
[EventRounds "9"]
[EventCountry "POL"]
[SourceTitle "EXT 2006"]
[Source "ChessBase"]
[SourceDate "2005.11.24"]
[SourceVersion "1"]
[SourceVersionDate "2005.11.24"]
[SourceQuality "1"]

1. e4 c5 2. Nf3 Nc6 3. d4 cxd4 4. Nxd4 Nf6 5. Nc3 e6 6. Ndb5 Bb4 7. Bf4 Nxe4 8. Qf3 e5 9. Qxe4 d5 10. Qe2 0-0 11. Bd2 Nd4 12. Qd1 Re8 13. Be2 Bf5 14. Rc1 Re6 15. 0-0 a6 16. Nxd4 exd4 17. Nb1 Bxd2 18. Qxd2 Qc7 19. Bd3 Rh6 20. g3 Bh3 21. Rfe1 Qd7 22. Bf1 Bxf1 23. Rxf1 Qh3 24. f3 Re8 25. Rce1 Re3 26. Rf2 Rhe6 27. Ree2 h6 28. c3 Qf5 29. Na3 Rxe2 30. Rxe2 dxc3 31. bxc3 Qxf3 32. Rxe6 fxe6 33. Nc2 Qe4 34. Ne1 Kf7 35. Qf4+ Qxf4 36. gxf4 Kg6 37. Kf2 Kf5 38. Kf3 g5 39. fxg5 hxg5 40. Nd3 g4+ 41. Kg3 b6 42. Nf2 e5 43. Nxg4 d4 44. cxd4 exd4 45. Nf2 b5 46. h4 a5 47. h5 Kg5 48. h6 Kxh6 49. Kf4 d3 50. Nxd3 Kg6 51. Ke5 b4 52. Nb2 Kg5 53. Nc4 a4 54. Kd5 b3 55. a3 Kf5 56. Nb2 Kf4 57. Nxa4 Ke3 58. Kc4 Ke4 59. Kxb3 Kd5 60. Kb4 Kc6 61. Nb2 Kb6 62. a4 Ka6 63. a5 Ka7 64. Kb5 Kb7 65. Na4 Ka7 66. Nc5 Ka8 67. Kb6 Kb8 68. a6 Ka8 69. Ne6 Kb8 70. Nc7 Kc8 71. a7 Kd7 72. a8Q Kd6 73. Qd5+ Ke7 74. Qe6+ Kf8 75. Nd5 Kg7 76. Qf6+ Kh7 77. Kc5 Kg8 78. Ne7+ Kh7 79. Qg6+ Kh8 80. Qg8# 1-0